| 000 | 00732nam a2200229Ia 4500 | ||
|---|---|---|---|
| 003 | GCL | ||
| 008 | 140319s9999 xx 000 0 ara d | ||
| 040 |
_aGCL / _cGCL |
||
| 082 | 0 | 4 |
_a215.6 _bم م |
| 100 | 1 | _aمحمد الداودى | |
| 245 | 1 | 0 |
_aالمسجد والكتاب والسنة واقوال العلماء / _cمحمد الداودى |
| 260 |
_a[S.N] : _bدار الوفاء للطباعة والنشر والتوزيع ، _c1988 |
||
| 300 | _a119 ص | ||
| 490 | _a | ||
| 650 | 0 | 4 | _aالمساجد |
| 650 | 0 | 4 | _aمسجد قباء |
| 650 | 0 | 4 | _aمسجد الصخرة |
| 650 | 0 | 4 | _aالمساجد - تاريخ |
| 650 | 0 | 4 | _aالمساجد - مبانى |
| 650 | 0 | 4 | _aالحديث - احكام |
| 942 |
_2ddc _cBK |
||
| 999 |
_c53987 _d53987 |
||